Rozvoj systému prijímania pracovníkov do zamestnania na regionálne úrovni bakalárska práca

Gespeichert in:
Bibliographische Detailangaben
1. Verfasser: Némethová, Ema
Körperschaft: Podnikovohospodárska fakulta EU so sídlom v Košiciach. Katedra manažmentu
Weitere Verfasser: Kravcová, Bibiana
Format: Buch
Sprache:Slowakisch
Veröffentlicht: Košice 2012
Tags: Tag hinzufügen
Keine Tags, Fügen Sie das erste Tag hinzu!

MARC

LEADER 00000nbm a2200000 4500
001 0155721
005 20161109111911.7
041 0 |a slo 
044 |a SK 
245 1 0 |a Rozvoj systému prijímania pracovníkov do zamestnania na regionálne úrovni  |b bakalárska práca  |c Ema Némethová ; školiteľ: Bibiana Kravcová 
264 1 |a Košice  |c 2012 
300 |a 55 s. 
100 1 |a Némethová, Ema 
700 1 |a Kravcová, Bibiana 
710 2 |a Podnikovohospodárska fakulta EU so sídlom v Košiciach. Katedra manažmentu